000 00729nam a2200229 i 4500
001 126963
003 ES-MaACL
005 20251112122706.0
007 t|
008 070214s1934 sp r ||||1| spa d
100 1 _aRey Pastor, Julio,
_d1888-1962
_996535
245 1 0 _aElementos de geometría /
_cpor Julio Rey Pastor, P. Puig Adam.
250 _a6ª. tirada.
260 _aMadrid :
_b[s.n.],
_c1934 (
_fUnión Poligráfica)
300 _a262 p. ;
_c19 cm.
490 1 _aElemental Intuitiva ;
_v2
650 0 7 _aGeometría
_2embne
_913096
700 1 _aPuig Adam, Pedro,
_d1900-1960
_994247
830 0 _aElemental Intuitiva ;
_v2
_9226873
852 _aES-MaACL
_jA-5125
_bR.18037
999 _c126963
_d126963